Phoenix Suns Trivia - Statistics

General Stats
  • This quiz has been taken 2,128 times
    1,609 since last reset
  • The average score is 7 of 10
Answer Stats
Hint Answer % Correct
Player who scored 70 points in a single game in 2017 Devin Booker
98%
Superstar who started his "Next Next Next Chapter" with the Suns in 2023 Kevin Durant
98%
League MVP in 2005 and 2006 Steve Nash
97%
Hall of Fame player the Suns acquired from the 76ers in 1992 Charles Barkley
90%
In 2022, this Suns guard became the only player in league history with20,000 points and 11,000 assists Chris Paul
90%
Player who averaged 26.0 points per game in 2004–2005, running the pick-and-roll with the above Amar'e Stoudemire
57%
Former player known as "The Matrix" Shawn Marion
53%
Suns point guard from 1987–2000, who later became mayor of Sacramento Kevin Johnson
44%
Former head coach famous for his "Seven Seconds or Less" offense Mike D'Antoni
37%
Winner of the first-ever NBA dunk contest in 1984 Larry Nance
29%
No matching quizzes found
Score Distribution
Percent of People with Each Score
Percentile by Number Answered
Your Score History
You have not taken this quiz since the last reset